Development of agriculture and animal husbandry in India of the advisory board of the Imperial Council of Agricultural Research (Record no. 431074)

000 -LEADER
fixed length control field 00519cam a22001217a 4500
008 - FIXED-LENGTH DATA ELEMENTS--GENERAL INFORMATION
fixed length control field 180718b1944 xxu||||| |||| 00| 0 eng d
082 ## - DEWEY DECIMAL CLASSIFICATION NUMBER
Classification number Zx54 Im7
245 ## - TITLE STATEMENT
Title Development of agriculture and animal husbandry in India of the advisory board of the Imperial Council of Agricultural Research
Statement of responsibility, etc. by Imperial Council of Agricultural Research
260 ## - PUBLICATION, DISTRIBUTION, ETC.
Place of publication, distribution, etc. New Delhi
Name of publisher, distributor, etc. Manager of Publication
Date of publication, distribution, etc. 1944
300 ## - PHYSICAL DESCRIPTION
Extent 75p.
650 ## - SUBJECT ADDED ENTRY--TOPICAL TERM
Topical term or geographic name entry element Agriculture-Animal husbandry in India
700 ## - ADDED ENTRY--PERSONAL NAME
Personal name India.Imperial Council of Agricultural Research
Holdings
Withdrawn status Lost status Damaged status Not for loan Permanent Location Current Location Date acquired Full call number Barcode Date last seen Price effective from Koha item type
        Indian Institute of Public Administration Indian Institute of Public Administration 2010-01-15 Zx54 Im7 A1411 2018-07-21 2018-07-21 A

Powered by Koha